000 00969nam a2200217Ia 4500
001 21883
003 GE_BSU
008 181216s||||||||xx |||||||||||||| ||und||
040 _cGE_BSU
245 _aსუბტროპიკული კულტურები. 1-4 (261-264). 2010
245 _bმოვლა-მოყვანა გადამუშავება
245 _cმთავ. რედ. ე. ცანავა
250 _aსაქ. განათლ. და მეცნ. სამინისტრო
260 _aთბილისი
260 _c2010
300 _a394გვ. 29სმ.
520 _aჟურნალი გამოდის ქართულ, რუსულ და ინგლ. ენებზე
653 _aმოვლა-მოყვანა გადამუშავება
653 _aსუბტროპიკული კულტურები. 1-4 (261-264). 2010
942 _cCR
999 _c54814
_d54814